[Event "Tula Region-ch"]
[Site "Tula"]
[Date "2014.03.14"]
[Round "4"]
[White "Yagupov, Igor"]
[Black "Vershinin, Andrey A"]
[Result "1-0"]
[WhiteElo "2393"]
[BlackElo "2082"]
[PlyCount "143"]
[EventDate "2014.03.11"]
[EventType "swiss"]
[EventRounds "9"]
[EventCountry "RUS"]
[SourceTitle "CBM 159 Extra"]
[Source "ChessBase"]
[SourceDate "2014.04.24"]
[SourceVersion "1"]
[SourceVersionDate "2014.04.24"]
[SourceQuality "1"]

1. e4 c5 2. Nf3 d6 3. d4 cxd4 4. Nxd4 Nf6 5. Nc3 a6 6. Be3 Ng4 7. Bc1 Nf6 8. f3 e6 9. Be3 b5 10. Qd2 Nbd7 11. g4 h6 12. 0-0-0 Bb7 13. h4 b4 14. Na4 Qa5 15. b3 Nc5 16. a3 Nxa4 17. axb4 Qc7 18. bxa4 d5 19. e5 Nd7 20. f4 Nb6 21. Rh3 Nxa4 22. Bf2 Rc8 23. Be1 Be7 24. f5 exf5 25. gxf5 Qxe5 26. Ra3 Nb6 27. Bg3 Qf6 28. Re1 0-0 29. Be5 Qxh4 30. f6 Bxf6 31. Nf3 Bg5 32. Nxh4 Bxd2+ 33. Kxd2 Nc4+ 34. Bxc4 Rxc4 35. Nf5 Rg4 36. Bd6 Rd8 37. Rae3 Kh7 38. Re8 Rg2+ 39. Kc3 d4+ 40. Kd3 Rxe8 41. Rxe8 Bc6 42. Re7 Bb5+ 43. Kxd4 Rxc2 44. Rxf7 Kg6 45. Rf8 Kh7 46. Rb8 Rd2+ 47. Ke5 Re2+ 48. Kd5 Rd2+ 49. Nd4 Bf1 50. Be5 h5 51. Ke4 h4 52. Nf3 Re2+ 53. Kf4 Bg2 54. Ng5+ Kh6 55. Rb6+ Kh5 56. Bxg7 Rf2+ 57. Ke3 Rf1 58. Nh7 h3 59. Rh6+ Kg4 60. Rg6+ Kh4 61. Rh6+ Kg4 62. Nf6+ Kg5 63. Ne4+ Bxe4 64. Kxe4 Rf4+ 65. Kd5 Rxb4 66. Rxh3 Ra4 67. Be5 Ra2 68. Ke6 Rc2 69. Rg3+ Kh4 70. Kf5 Rc8 71. Ra3 Rc5 72. Ra2 1-0

[Event "Kaluga Tsiolkovsky Memorial op"]
[Site "Kaluga"]
[Date "2013.08.08"]
[Round "6"]
[White "Vershinin, Andrey A"]
[Black "Baroyan, Karen"]
[Result "1-0"]
[WhiteElo "2062"]
[BlackElo "1792"]
[PlyCount "107"]
[EventDate "2013.08.03"]
[EventType "swiss"]
[EventRounds "9"]
[EventCountry "RUS"]
[SourceTitle "CBM 156 Extra"]
[Source "ChessBase"]
[SourceDate "2013.10.22"]
[SourceVersion "1"]
[SourceVersionDate "2013.10.22"]
[SourceQuality "1"]

1. e4 c6 2. d4 d5 3. Nc3 dxe4 4. Nxe4 Bf5 5. Ng3 Bg6 6. Nf3 Nd7 7. h4 h6 8. Bd3 Bxd3 9. Qxd3 Ngf6 10. Bf4 Qa5+ 11. Bd2 Qc7 12. 0-0-0 e6 13. Ne4 0-0-0 14. Kb1 Nc5 15. Nxc5 Bxc5 16. Qc4 Bd6 17. Qa4 Kb8 18. Ne5 Rc8 19. Nd3 Nd7 20. Rhe1 Rhd8 21. c4 c5 22. b4 b6 23. dxc5 bxc5 24. b5 Qb7 25. f3 Nb6 26. Qb3 Qe7 27. Bc3 f6 28. a4 Bg3 29. Re3 Bd6 30. Rde1 Qd7 31. a5 Na8 32. R1e2 e5 33. Nf2 Qb7 34. Rb2 Rd7 35. Qa4 Rcd8 36. Re1 Bf8 37. Ka2 Rd6 38. Reb1 Re6 39. Qc2 Rde8 40. Rd1 Qc7 41. Qg6 Rd8 42. Rxd8+ Qxd8 43. Rd2 Qc7 44. Ne4 Qc8 45. Qf7 Re7 46. Qd5 Rc7 47. g4 Be7 48. Bb2 Bf8 49. Ba3 Be7 50. Kb3 Bf8 51. Nd6 Qd8 52. Bxc5 Rd7 53. Qc6 Bxd6 54. Bxd6+ 1-0

[Event "Kaluga Tsiolkovsky Memorial op"]
[Site "Kaluga"]
[Date "2013.08.06"]
[Round "4"]
[White "Vershinin, Andrey A"]
[Black "Afanasiev, Nikita"]
[Result "0-1"]
[WhiteElo "2062"]
[BlackElo "2282"]
[PlyCount "72"]
[EventDate "2013.08.03"]
[EventType "swiss"]
[EventRounds "9"]
[EventCountry "RUS"]
[SourceTitle "CBM 156 Extra"]
[Source "ChessBase"]
[SourceDate "2013.10.22"]
[SourceVersion "1"]
[SourceVersionDate "2013.10.22"]
[SourceQuality "1"]

1. e4 d6 2. d4 g6 3. Nc3 Bg7 4. Bg5 c6 5. Qd2 Qa5 6. f4 b5 7. Nf3 Bg4 8. Be2 Nf6 9. e5 b4 10. exf6 bxc3 11. bxc3 exf6 12. Bh4 0-0 13. 0-0 Nd7 14. h3 Be6 15. Bd3 Nb6 16. Rae1 Nc4 17. Qe2 Qxc3 18. Rb1 Nb2 19. f5 Bd5 20. Be1 Qa3 21. c3 Nxd3 22. Qxd3 Qxa2 23. Nd2 Bh6 24. Rd1 Qa4 25. Bh4 Rae8 26. Ra1 Re3 27. Qb1 Qb5 28. Qxb5 cxb5 29. Rxa7 Rxc3 30. Nf3 Be3+ 31. Kh1 Bxf3 32. Rxf3 Bxd4 33. Rxc3 Bxc3 34. Rd7 b4 35. Rb7 d5 36. Kg1 Re8 0-1

[Event "Kaluga Tsiolkovsky Memorial op"]
[Site "Kaluga"]
[Date "2013.08.03"]
[Round "1"]
[White "Semenov, Sergey Aleksandrovi"]
[Black "Vershinin, Andrey A"]
[Result "0-1"]
[WhiteElo "1969"]
[BlackElo "2062"]
[PlyCount "80"]
[EventDate "2013.08.03"]
[EventType "swiss"]
[EventRounds "9"]
[EventCountry "RUS"]
[SourceTitle "CBM 156 Extra"]
[Source "ChessBase"]
[SourceDate "2013.10.22"]
[SourceVersion "1"]
[SourceVersionDate "2013.10.22"]
[SourceQuality "1"]

1. Nf3 Nf6 2. g3 g6 3. Bg2 Bg7 4. c3 0-0 5. 0-0 d5 6. d4 Nbd7 7. Nbd2 c5 8. e3 Qc7 9. Re1 b6 10. a4 Bb7 11. b3 Rac8 12. Bb2 Rfe8 13. b4 e5 14. bxc5 bxc5 15. dxe5 Nxe5 16. Nxe5 Qxe5 17. Rb1 Ba8 18. c4 Qe6 19. cxd5 Bxd5 20. Bxd5 Qxd5 21. Nf3 Qe4 22. Nd2 Qe6 23. Qc2 Red8 24. Rbc1 Qh3 25. f3 h5 26. Bxf6 Bxf6 27. Ne4 Be7 28. Nf2 Qe6 29. Qc4 Qf6 30. Kg2 Rd2 31. Re2 Rxe2 32. Qxe2 Rb8 33. Ne4 Qe5 34. Rc2 Rb3 35. Kf2 Qa1 36. Qc4 Rb4 37. Qc3 Qh1 38. h4 Rb1 39. Nf6+ Bxf6 40. e4 Bxc3 0-1

[Event "Kaluga Tsiolkovsky Memorial op"]
[Site "Kaluga"]
[Date "2012.08.03"]
[Round "5"]
[White "Vershinin, Andrey A"]
[Black "Tsapulin, Anatoly"]
[Result "0-1"]
[WhiteElo "1963"]
[BlackElo "2173"]
[PlyCount "118"]
[EventDate "2012.07.30"]
[EventType "swiss"]
[EventRounds "9"]
[EventCountry "RUS"]
[SourceTitle "EXT 2014"]
[Source "ChessBase"]
[SourceDate "2013.11.20"]
[SourceVersion "1"]
[SourceVersionDate "2013.11.20"]
[SourceQuality "1"]

1. e4 e6 2. d4 d5 3. Nc3 Bb4 4. e5 c5 5. a3 Bxc3+ 6. bxc3 Qc7 7. Qg4 f5 8. exf6 Nxf6 9. Qg3 Qf7 10. Nf3 Ne4 11. Qh4 c4 12. Bxc4 Qg6 13. Be2 0-0 14. 0-0 Nc6 15. Kh1 Nxc3 16. Bd3 Ne4 17. Be3 Qf6 18. Qxf6 gxf6 19. Kg1 Nd6 20. Rfe1 Na5 21. Bh6 Rf7 22. Nd2 Bd7 23. Nb3 Nac4 24. Nc5 Re8 25. Be2 b6 26. Nxd7 Rxd7 27. Bh5 Nf7 28. Rab1 Ree7 29. Bc1 e5 30. dxe5 Rxe5 31. Rxe5 fxe5 32. Rb3 e4 33. Rg3+ Kf8 34. Bg4 Rd6 35. Be2 b5 36. Rg4 a6 37. Rf4 Ke7 38. h3 Rc6 39. Rf5 Nce5 40. Bg5+ Kd6 41. Rf6+ Kc5 42. Rxc6+ Kxc6 43. Bc1 d4 44. Kf1 d3 45. cxd3 exd3 46. Bh5 Nd6 47. Ke1 Nec4 48. Bf3+ Kc5 49. g4 Kd4 50. Bf4 Ne4 51. Bxe4 Kxe4 52. Bc1 Kf3 53. g5 a5 54. h4 Kg4 55. f4 b4 56. axb4 axb4 57. h5 Kxh5 58. f5 b3 59. f6 d2+ 0-1

[Event "Kaluga Tsiolkovsky Memorial op"]
[Site "Kaluga"]
[Date "2012.07.30"]
[Round "2"]
[White "Kulikov, Aleksandr P"]
[Black "Vershinin, Andrey A"]
[Result "0-1"]
[WhiteElo "1792"]
[BlackElo "1963"]
[PlyCount "38"]
[EventDate "2012.07.30"]
[EventType "swiss"]
[EventRounds "9"]
[EventCountry "RUS"]
[SourceTitle "EXT 2014"]
[Source "ChessBase"]
[SourceDate "2013.11.20"]
[SourceVersion "1"]
[SourceVersionDate "2013.11.20"]
[SourceQuality "1"]

1. e4 c5 2. Nf3 d6 3. d4 cxd4 4. Nxd4 Nf6 5. Nc3 a6 6. Bg5 Nbd7 7. Bc4 e6 8. f4 Qc7 9. Bb3 Be7 10. Bxe6 fxe6 11. Nxe6 Qc4 12. Nxg7+ Kf7 13. Nf5 Re8 14. Qxd6 Nxe4 15. Qh6 Bxg5 16. Qg7+ Ke6 17. fxg5 Nxc3 18. bxc3 Kxf5+ 19. Kd1 Qg4+ 0-1